Internet pomáha aj podvodom

Smernice na ochranu spotrebiteľov pred podvodnou a klamlivou cezhraničnou obchodnou praxou. Oblasť pôsobnosti a vymedzenia. Národný rámec boja na potlačenie cezhraničných podvodných a nekalých obchodných praktík. Princípy medzinárodnej spolupráce. Oznamovanie, poskytovanie informácií, pomoc pri vyše...

Description complète

Enregistré dans:
Détails bibliographiques
Format: Chapitre de livre
Langue:slovaque
Sujets:
Tags: Ajouter un tag
Pas de tags, Soyez le premier à ajouter un tag!

MARC

LEADER 00000naa$a2200000$$$4500
001 0018837
005 20231005104314.6
041 0 |a slo 
044 |a SK 
245 1 0 |a Internet pomáha aj podvodom 
520 |a Smernice na ochranu spotrebiteľov pred podvodnou a klamlivou cezhraničnou obchodnou praxou. Oblasť pôsobnosti a vymedzenia. Národný rámec boja na potlačenie cezhraničných podvodných a nekalých obchodných praktík. Princípy medzinárodnej spolupráce. Oznamovanie, poskytovanie informácií, pomoc pri vyšetrovaní a dôvernosť. Právomoci agentúr na presadzovanie ochrany spotrebiteľov. Odškodnenie spotrebiteľov. Spolupráca súkromného sektora. 
610 2 0 |a ochrana spotrebiteľa 
610 2 0 |a smernice 
610 2 0 |a podvody 
610 2 0 |a obchod medzinárodný 
610 2 0 |a spolupráca medzinárodná 
610 2 0 |a odškodnenie